Statistics for Landlocked US States

Click here to take the quiz!

General Stats

  • This quiz has been taken 92 times
  • The average score is 25 of 26

Answer Stats

State % Correct
North Dakota
100%
Idaho
99%
Colorado
98%
South Dakota
98%
Utah
96%
Tennessee
96%
Kansas
96%
Arkansas
96%
Wyoming
95%
Montana
95%
Nevada
95%
Nebraska
95%
Indiana
95%
Kentucky
95%
Vermont
94%
Arizona
94%
New Mexico
93%
Illinois
93%
West Virginia
93%
Missouri
92%
Oklahoma
92%
Iowa
92%
Minnesota
90%
Ohio
90%
Wisconsin
90%
Michigan
89%

Score Distribution

Percentile by Number Answered

Percent of People with Each Score

Your Score History

You have not taken this quiz